| 000 | 00956nam a22002297a 4500 | ||
|---|---|---|---|
| 005 | 20250708164811.0 | ||
| 008 | 250708b |||||||| |||| 00| 0 eng d | ||
| 020 | _a978-93-5002-768-4 (hbk) | ||
| 037 | _cTB | ||
| 040 |
_aCRL _cCRL |
||
| 041 |
_2hin _ahin |
||
| 084 | _aV2y7N50 152R2 | ||
| 100 |
_aशर्मा, राम अवतार _9158906 |
||
| 245 |
_aशासक और शासित: _bनरेन्द्र मोदी के संकल्प एवं सफलताएं |
||
| 260 |
_aदिल्ली, भारत: _bआकार बुक्स, _c2022. |
||
| 300 | _a129पृ. | ||
| 365 |
_b595.00 _cINR |
||
| 650 |
_aभारत इतिहास _9732541 |
||
| 650 | _aइतिहास | ||
| 942 |
_2CC _cTB _hV2y7N50 152R2 _n0 |
||
| 999 |
_c1433518 _d1433518 |
||